Chapters of the Lord of the Rings Books - Statistics

General Stats
  • This quiz has been taken 38 times
  • The average score is 41 of 62
Answer Stats
Book One % Correct
Treebeard
95%
Lothlórien
91%
Mount Doom
91%
The Council of Elrond
91%
Helm's Deep
86%
Strider
86%
The Scouring of the Shire
86%
In the House of Tom Bombadil
82%
Shelob's Lair
82%
The Mirror of Galadriel
82%
The Old Forest
82%
The Ring goes South
82%
The Breaking of the Fellowship
77%
The Great River
77%
The Grey Havens
77%
The Shadow of the Past
77%
A Conspiracy Unmasked
73%
A Knife in the Dark
73%
At the Sign of the Prancing Pony
73%
A Short Cut to Mushrooms
73%
Flight to the Ford
73%
Fog on the Barrow-downs
73%
Many Meetings
73%
The King of the Golden Hall
73%
The Ride of the Rohirrim
73%
The Taming of Sméagol
73%
A Long Expected Party
68%
Many Partings
68%
Minas Tirith
68%
The Riders of Rohan
68%
Farewell to Lórien
64%
Of Herbs and Stewed Rabbit
64%
The Bridge of Khazad-dûm
64%
The Departure of Boromir
64%
The Houses of Healing
64%
The Palantír
64%
The Stairs of Cirith Ungol
64%
The Uruk-hai
64%
The White Rider
64%
Flotsam and Jetsam
59%
The Battle of the Pelennor Fields
59%
The Black Gate is Closed
59%
The Black Gate Opens
59%
The Choices of Master Samwise
59%
The Tower of Cirith Ungol
59%
The Voice of Saruman
59%
A Journey in the Dark
55%
The Forbidden Pool
55%
The Passing of the Grey Company
55%
The Pyre of Denethor
55%
Journey to the Cross-roads
50%
The Last Debate
50%
The Muster of Rohan
50%
The Passage of the Marshes
50%
The Siege of Gondor
50%
The Window on the West
50%
Three is Company
50%
The Field of Cormallen
45%
The Land of Shadow
45%
The Road to Isengard
45%
Homeward Bound
36%
The Steward and the King
36%
No matching quizzes found
Score Distribution
Percent of People with Each Score
Percentile by Number Answered
Your Score History
You have not taken this quiz